=LDR 00000nam 2200000 4500 =001 INLIS000000000051506 =005 20200316123937 =035 ##$$a 0010-0917000310 =007 ta =008 200316################g##########0#ind## =020 ##$$a 978-979-1149-27-3 =082 ##$$a 297.96 =084 ##$$a 297.96 ABD w =100 #$$a Abdul Kholiq =245 1#$$a Warna-warni Islam : $b Potret keragaman umat Islam di seluruh dunia /$c Abdul Kholiq;Editor, Supriyadi =260 ##$$a Yogyakarta :$b Qudsi media,$c 2015 =300 ##$$a x, 250 hlm. : $b Ilus. ; $c 14 x 20 cm =650 #4$$a Perkembangan Islam =700 #$$a Supriyadi =504 ##$$a Bibliografi : hlm. 245-250 =990 ##$$a 21704545 =990 ##$$a 21704544 =990 ##$$a 21704543 =990 ##$$a 21704542 =990 ##$$a 21704541